Statistics for NFL Teams By Their Home City

Click here to take the quiz!

General Stats

  • This quiz has been taken 32 times
  • The average score is 28 of 32

Answer Stats

HintAnswer% Correct
PhiladelphiaEagles
96%
San Francisco49ers
92%
BuffaloBills
92%
Kansas CityChiefs
92%
MiamiDolphins
92%
New YorkGiants
92%
DetroitLions
92%
Green BayPackers
92%
Los AngelesRams
92%
Cincinnati
Bengals
88%
DenverBroncos
88%
ClevelandBrowns
88%
Tampa BayBuccaneers
88%
FoxboroPatriots
88%
BaltimoreRavens
88%
PittsburgSteelers
88%
ChicagoBears
85%
Los AngelesChargers
85%
IndianapolisColts
85%
DallasCowboys
85%
Minneapolis
Vikings
85%
AtlantaFalcons
85%
JacksonvilleJaguars
85%
CharlottePanthers
85%
Las VegasRaiders
85%
New OrleansSaints
85%
SeattleSeahawks
85%
TennesseeTitans
85%
New YorkJets
81%
HoustonTexans
81%
GlendaleCardinals
77%
Washington D.C.Football Team
62%

Score Distribution

Percentile by Number Answered

Percent of People with Each Score

Your Score History

You have not taken this quiz